000 00573cam a2200193 4500
001 D2623
008 090401t1973 xxu||||| |||| 00| 0 eng d
035 _a(Sirsi) u69983
041 _aeng
050 _a333.0099
110 _aCommonwealth Association of Surveying and Land Economy
_92570
245 _aSeminar on surveying and land economy in the Pacific organised by CASLE in Wellington New Zealand 21 March 1973
260 _aLondon
_bCASLE
_c1973
300 _avi, v.p. 30cm
350 _a0
520 _aShelved at F333.0099
942 _n0
948 _c04/03/1997
999 _c95263
_d95263